书目信息 |
| 题名: |
旅游地理学
|
|
| 作者: | 保继刚 , 楚义芳 编著 | |
| 分册: | ||
| 出版信息: | 北京 高等教育出版社 1999.9 |
|
| 页数: | 269页 | |
| 开本: | 22cm | |
| 丛书名: | 面向21世纪课程教材 | |
| 单 册: | ||
| 中图分类: | F591.99 | |
| 科图分类: | ||
| 主题词: | 旅游经济 | |
| 电子资源: | ||
| ISBN: | 7-04-007729-9 | |
| 000 | 00642nam0 2200229 45 | |
| 001 | 0103011442 | |
| 005 | 20070715145420.56 | |
| 010 | @a7-04-007729-9@dCNY24.50 | |
| 100 | @a20010301d1999 km y0chiy0120 ea | |
| 101 | 0 | @achi |
| 200 | 1 | @a旅游地理学@ALu You Di Li Xue@f保继刚,楚义芳编著@FBao Ji Gang,Chu Yi Fang Bian Zhu |
| 205 | @a2版@b修订版 | |
| 210 | @a北京@c高等教育出版社@d1999.9 | |
| 215 | @a269页@d22cm | |
| 225 | @a面向21世纪课程教材 | |
| 410 | @12001 @a面向21世纪课程教材 | |
| 606 | 0 | @a旅游经济 |
| 690 | @aF591.99@v1 | |
| 701 | 0 | @a保继刚@4编著 |
| 701 | 0 | @a楚义芳@4编著 |
| 801 | @aCN@bTSTC@c20070715 | |
| 905 | @dF591.99@e7=2 | |
| 旅游地理学/保继刚,楚义芳编著.-2版,修订版.-北京:高等教育出版社,1999.9 |
| 269页;22cm.-(面向21世纪课程教材) |
| ISBN 7-04-007729-9:CNY24.50 |
| ● |
| 相关链接 |
|
|
|
|
正题名:旅游地理学
索取号:F591.99/7=2
 
预约/预借
| 序号 | 登录号 | 条形码 | 馆藏地/架位号 | 状态 | 备注 |
| 1 | 0493628 | 204936285 | 密集书库/ [索取号:F591.99/7=2] | 在馆 | |
| 2 | 0493629 | 204936294 | 密集书库/ [索取号:F591.99/7=2] | 在馆 | |
| 3 | 0493630 | 204936301 | 密集书库/ [索取号:F591.99/7=2] | 在馆 | |
| 4 | 0493631 | 204936310 | 密集书库/ [索取号:F591.99/7=2] | 在馆 | |
| 5 | 0493632 | 204936329 | 密集书库/ [索取号:F591.99/7=2] | 在馆 | |
| 6 | 0768873 | 207688732 | 库房3/ [索取号:F591.99/7=2] | 在馆 | |
| 7 | 0778250 | 207782504 | 密集书库/ [索取号:F591.99/7=2] | 在馆 | |
| 8 | 0778263 | 207782639 | 密集书库/ [索取号:F591.99/7=2] | 在馆 |